000 00485nam a2200181Ia 4500
999 _c10822
_d10822
003 OSt
005 20191231111124.0
008 190216s9999||||xx |||||||||||||| ||und||
020 _a0333931580
040 _coclc
082 _a338
_bMAN/B
100 _aMankar, V G
_9702
245 0 _aBusiness Economics /
_cV G Mankar
260 _bMacmillan India Ltd,
_aDelhi:
_c2003.
300 _a581p
650 _aEconomics
942 _cBK
_2ddc
_h338
_iMAN/B
_k338
_mMAN/B